00878nam a2200289Ia 450000500170000000800410001702000180005802000150007604100080009108200170009910000290011624500450014525000180019030000250020849000320023350000520026565000310031765000330034865000290038194200120041026400280042233600270045033700330047733800280051004000350053899900150057320220317001730.0170328s2015 c g 000 0 s  a9789584232045 a9584232045 aspa04a320.01bS18p1 aSavater, Fernandod1947-10aPolítica para AmadorcFernando Savater a1a. edición a198 páginasc23 cm aBiblioteca Fernando Savater aIncluye datos biográficos del autor en solapa142LEMBaCiencias políticas142LEMBaFilosofía política142LEMBaÉtica política 2ddccBK a[Bogotá]bArielc2015 atextobtxt2rdacontent asin mediaciónbn2rdamedia avolumenbnc2rdacarrier aCO-BoRNBPbspaerdacCO-BoRNBP c7891d7891